000 00457nam a2200193Ia 4500
005 20250317025436.0
008 240331s9999 xx 000 0 und d
020 _a0415102308
082 _a301
_bMUL
_24158
100 _aMulhern, F
245 0 _aCulture Metaculture
260 _aLondon;
_aNew York,
_bRoutledge
_c2000
300 _axxi, 198 p.,
650 _aCulture
650 _aCivilization
650 _aWelfare
650 _aSociety
942 _cL
999 _c1023
_d1023